Statistics for Swedish municipalities map quiz

Click here to take the quiz!

General Stats

  • This quiz has been taken 251 times
  • The average score is 212 of 290

Answers on the Map

Answers color-coded by a green-red scale on the quiz's map according to % correct below.
 

Answer Stats

ANSWER% Correct
Göteborg
96%
Helsingborg
96%
Malmö
96%
Lund
94%
Jönköping
92%
Kalmar
92%
Karlstad
92%
Haparanda
90%
Stockholm
90%
Borås
88%
Gotland
88%
Halmstad
88%
Köping
88%
Luleå
88%
Borlänge
86%
Gävle
86%
Jokkmokk
86%
Karlskrona
86%
Kristianstad
86%
Lidingö
86%
Mora
86%
Östersund
86%
Piteå
86%
Uppsala
86%
Alingsås
84%
Karlshamn
84%
Lidköping
84%
Linköping
84%
Norrköping
84%
Norrtälje
84%
Nyköping
84%
Pajala
84%
Skara
84%
Sundsvall
84%
Umeå
84%
Ale
82%
Eskilstuna
82%
Falun
82%
Håbo
82%
Habo
82%
Hjo
82%
Kalix
82%
Karlskoga
82%
Kiruna
82%
Mariestad
82%
Mölndal
82%
Örebro
82%
Övertorneå
82%
Strömstad
82%
Åmål
80%
Åre
80%
Borgholm
80%
Dorotea
80%
Ekerö
80%
Enköping
80%
Falkenberg
80%
Falköping
80%
Höör
80%
Hudiksvall
80%
Skövde
80%
Södertälje
80%
Trelleborg
80%
Trollhättan
80%
Västerås
80%
Ånge
78%
Härjedalen
78%
Karlsborg
78%
Ludvika
78%
Malung-Sälen
78%
Mark
78%
Nynäshamn
78%
Överkalix
78%
Sala
78%
Simrishamn
78%
Söderköping
78%
Sollentuna
78%
Solna
78%
Arvika
76%
Askersund
76%
Avesta
76%
Båstad
76%
Boden
76%
Dals-Ed
76%
Danderyd
76%
Eslöv
76%
Gällivare
76%
Grums
76%
Hallsberg
76%
Kumla
76%
Lilla Edet
76%
Osby
76%
Salem
76%
Skellefteå
76%
Täby
76%
Tjörn
76%
Varberg
76%
Värnamo
76%
Ystad
76%
Alvesta
75%
Arjeplog
75%
Arvidsjaur
75%
Bjuv
75%
Botkyrka
75%
Haninge
75%
Heby
75%
Hörby
75%
Katrineholm
75%
Landskrona
75%
Mellerud
75%
Mjölby
75%
Motala
75%
Partille
75%
Sandviken
75%
Sigtuna
75%
Skurup
75%
Sölvesborg
75%
Sorsele
75%
Trosa
75%
Uddevalla
75%
Upplands Väsby
75%
Vallentuna
75%
Vimmerby
75%
Arboga
73%
Bengtsfors
73%
Berg
73%
Bollnäs
73%
Eksjö
73%
Flen
73%
Forshaga
73%
Härnösand
73%
Herrljunga
73%
Höganäs
73%
Huddinge
73%
Järfälla
73%
Kil
73%
Klippan
73%
Kristinehamn
73%
Kungsbacka
73%
Laholm
73%
Leksand
73%
Lerum
73%
Lysekil
73%
Markaryd
73%
Mörbylånga
73%
Munkedal
73%
Nacka
73%
Örnsköldsvik
73%
Orsa
73%
Rättvik
73%
Stenungsund
73%
Ulricehamn
73%
Upplands-Bro
73%
Vänersborg
73%
Västervik
73%
Älvkarleby
71%
Bollebygd
71%
Gislaved
71%
Grästorp
71%
Hässleholm
71%
Hedemora
71%
Hofors
71%
Knivsta
71%
Ljusdal
71%
Lycksele
71%
Mönsterås
71%
Nässjö
71%
Nykvarn
71%
Örkelljunga
71%
Oskarshamn
71%
Österåker
71%
Storuman
71%
Sundbyberg
71%
Svalöv
71%
Tanum
71%
Tidaholm
71%
Värmdö
71%
Växsjö
71%
Villhelmina
71%
Ängelholm
69%
Bjurholm
69%
Bräcke
69%
Burlöv
69%
Degerfors
69%
Essunga
69%
Filipstad
69%
Götene
69%
Hallstahammar
69%
Härryda
69%
Hultsfred
69%
Kävlinge
69%
Kramfors
69%
Laxå
69%
Lekeberg
69%
Lindesberg
69%
Ljusnarsberg
69%
Lomma
69%
Mullsjö
69%
Munkfors
69%
Norberg
69%
Nybro
69%
Orust
69%
Robertsfors
69%
Ronneby
69%
Sjöbo
69%
Skinnskatteberg
69%
Söderhamn
69%
Sunne
69%
Surahammar
69%
Svedala
69%
Tierp
69%
Torsby
69%
Tranås
69%
Tranemo
69%
Tyresö
69%
Vadstena
69%
Vaxholm
69%
Vellinge
69%
Älvdalen
67%
Aneby
67%
Bromölla
67%
Eda
67%
Emmaboda
67%
Fagersta
67%
Finspång
67%
Gnosjö
67%
Hagfors
67%
Hammarö
67%
Kinda
67%
Krokom
67%
Kungälv
67%
Kungsör
67%
Nora
67%
Ockelbo
67%
Olofström
67%
Östhammar
67%
Östra Göinge
67%
Perstorp
67%
Ragunda
67%
Säffle
67%
Säter
67%
Smedjebacken
67%
Sollefteå
67%
Sotenäs
67%
Staffanstorp
67%
Storfors
67%
Vara
67%
Vindeln
67%
Älmhult
65%
Älvsbyn
65%
Åtvidaberg
65%
Färgelanda
65%
Gagnef
65%
Ljungby
65%
Malå
65%
Öckerö
65%
Ödeshög
65%
Svenljunga
65%
Tibro
65%
Uppvidinge
65%
Vännäs
65%
Vetlanda
65%
Åstorp
63%
Gnesta
63%
Högsby
63%
Lessebo
63%
Strängnäs
63%
Strömsund
63%
Timrå
63%
Tomelilla
63%
Töreboda
63%
Torsås
63%
Årjäng
61%
Åsele
61%
Boxholm
61%
Gullspång
61%
Hylte
61%
Norsjö
61%
Ovanåker
61%
Sävsjö
61%
Tingsryd
61%
Vansbro
61%
Vårgårda
61%
Vingåker
61%
Hällefors
59%
Nordanstig
59%
Nordmaling
59%
Oxelösund
59%
Vaggeryd
59%
Valdemarsvik
59%
Ydre
57%

Score Distribution

Percentile by Number Answered

Percent of People with Each Score

Your Score History

You have not taken this quiz